MARC

LEADER 00000nam0a2200000 4500
001 262645
005 20231101233654.0
010 |a 5247000307 
035 |a (RuTPU)RU\TPU\book\285628 
090 |a 262645 
100 |a 20140603d1988 k y0rusy50 ca 
101 0 |a rus 
102 |a RU 
105 |a a z 001zy 
200 1 |a Электроэнергетика нефтяных и газовых промыслов  |f Т. С. Атакишиев [и др.] 
210 |a Москва  |c Недра  |d 1988 
215 |a 221 с.  |c ил. 
320 |a Библиогр.: с. 218-219. 
606 1 |a Нефтепромысловые сооружения  |2 stltpush  |3 (RuTPU)RU\TPU\subj\45846  |9 65037 
610 1 |a электроэнергетика 
610 1 |a нефтяные промыслы 
610 1 |a газовые промыслы 
610 1 |a электроснабжение 
610 1 |a скважины 
610 1 |a бурение 
610 1 |a погружные электронасосы 
610 1 |a надежность 
675 |a 622.276  |v 3 
701 1 |a Атакишиев  |b Т. С. 
701 1 |a Бабаев  |b Р. В. 
701 1 |a Ишханов  |b Э. П. 
701 1 |a Хайкин  |b И. Е. 
801 1 |a RU  |b 63413507  |c 20140603 
801 2 |a RU  |b 63413507  |c 20150331  |g RCR 
942 |c BK